Quick Pick: Brooklyn Nine-Nine Characters Quiz Stats

 Plays Quiz Updated Jul 23, 2018

Score 0/9 Timer 01:00
1 Play Today
% Correct
Holt
92.8%
Diaz
92.6%
Peralta
92.5%
Boyle
92.3%
Santiago
91.7%
Linetti
91.5%
Jeffords
90.4%
Hitchcock
79.4%
Scully
74.5%

Today's Daily Dose

Missing Word
Christopher Lee

You're not logged in!

Compare scores with friends on all Sporcle quizzes.
OR
Log In

Show Comments

Extras

Top Quizzes Today


Score Distribution

Your Account Isn't Verified!

In order to create a playlist on Sporcle, you need to verify the email address you used during registration. Go to your Sporcle Settings to finish the process.

Report this User

Report this user for behavior that violates our Community Guidelines.

Details: